Improvement of urban public transport in developing countries : (Record no. 162138)

MARC details
000 -LEADER
fixed length control field 01066aam a2200229 a 4500
008 - FIXED-LENGTH DATA ELEMENTS--GENERAL INFORMATION
fixed length control field
020 ## - INTERNATIONAL STANDARD BOOK NUMBER
International Standard Book Number 9211312175(pbk. )
049 ## - LOCAL HOLDINGS (OCLC)
Holding library MAIN
090 ## - LOCALLY ASSIGNED LC-TYPE CALL NUMBER (OCLC); LOCAL CALL NUMBER (RLIN)
Classification number (OCLC) (R) ; Classification number, CALL (RLIN) (NR) HE311 IMP
003 - CONTROL NUMBER IDENTIFIER
control field
005 - DATE AND TIME OF LATEST TRANSACTION
control field 20230123134224.0
040 ## - CATALOGING SOURCE
Transcribing agency NUST
245 00 - TITLE STATEMENT
Title Improvement of urban public transport in developing countries :
Remainder of title report of the regional seminar "strategic options for public transport improvement in large cities of developing countries" : Pune, India, 27-29 January 1993.
260 ## - PUBLICATION, DISTRIBUTION, ETC.
Place of publication, distribution, etc. Nairobi :
Name of publisher, distributor, etc. United Nations Centre for Human Settlements (Habitat),
Date of publication, distribution, etc. 1994.
300 ## - PHYSICAL DESCRIPTION
Extent iv, 108 p. :
Other physical details map ;
Dimensions 21 cm.
650 #0 - SUBJECT ADDED ENTRY--TOPICAL TERM
Topical term or geographic name entry element Urban transportation
Geographic subdivision Developing countries
General subdivision Congresses.
710 2# - ADDED ENTRY--CORPORATE NAME
Corporate name or jurisdiction name as entry element United Nations Centre for Human Settlements.
710 2# - ADDED ENTRY--CORPORATE NAME
Corporate name or jurisdiction name as entry element Tata Economic Consultancy Services.
711 2# - ADDED ENTRY--MEETING NAME
Meeting name or jurisdiction name as entry element Regional Seminar on Strategic Options for Public Transport Improvements in Large Cities of Developing Countries
Date of meeting or treaty signing (1993 :
Location of meeting Tata Management Training Centre)
907 ## - LOCAL DATA ELEMENT G, LDG (RLIN)
a .b10206462
b 16-01-07
c 04-07-06
942 ## - ADDED ENTRY ELEMENTS (KOHA)
Koha item type Ordinary Loan Books
Call number prefix HE311 IMP
Holdings
Date last seen Total Checkouts Full call number Barcode Cost, replacement price Price effective from Koha item type Lost status Source of classification or shelving scheme Damaged status Not for loan Collection Withdrawn status Home library Current library Shelving location Date acquired Cost, normal purchase price
01/23/2023 3 HE311 IMP 92003024956 80.00 01/23/2023 BOOKS   LCC     NFIC   MAIN MAIN GEN 01/23/2023 80.00